000 00507nam a2200181Ia 4500
008 151202s9999||||xx |||||||||||||| ||und||
082 _bPNVM-20737
100 _aबांदेकर दत्तु.
245 _aअमृतवाणी.
260 _b---
260 _c0
300 _a0
600 _aबांदेकर दत्तु.
630 _aअमृतवाणी.
700 _aबांदेकर दत्तु.
730 _aअमृतवाणी.
942 _cBOOK
999 _c1286715
_d1286712